00698nam a2200205Ia 4500003000900000008004100009040001600050080001500066100002400081245010700105260004100212300001300253650004100266650001600307650002100323650001600344942000700360999001300367952011200380IN-BaIIA211028s9999 xx 000 0 eng d cIIA Library a551.5bTOY aToynbee, Henry9462 0aReport on the gales experienced in the ocean district adjacent to the cape of good hopecHenry Toynbee aLondonbH.M. Stationery Officec1882 axx,110p. aAstronomy and Astrophysics Thesaurus aClimatology aEarth Atmosphere aMeteorology cBK c241d241 00104070aBANbKODcGENd0000-00-00g5.25l0o551.5/ TOYp215r2021-11-05v5.25w0000-00-00yBKGRs. 5.25